000 nam a22 7a 4500
999 _c126318
_d126318
008 170322b xxu||||| |||| 00| 0 eng d
050 _aJQ2947.A95 N277
100 _aNational Council of Churches of Kenya
_929600
245 _aWhy You should Vote
_cNational Council of Churches of Kenya
260 _aNairobi
_bNCCK
_c1992
300 _a20p. ;
_c22cm.
650 _aElections
_zKenya
_922982
942 _2lcc
_cMONOGRAPH